<?xml version="1.0" encoding="UTF-8"?><?xml-stylesheet type="text/xsl" href="static/style.xsl"?><OAI-PMH xmlns="http://www.openarchives.org/OAI/2.0/" xmlns:xsi="http://www.w3.org/2001/XMLSchema-instance" xsi:schemaLocation="http://www.openarchives.org/OAI/2.0/ http://www.openarchives.org/OAI/2.0/OAI-PMH.xsd"><responseDate>2026-04-28T20:58:13Z</responseDate><request verb="GetRecord" identifier="oai:uvadoc.uva.es:10324/52084" metadataPrefix="marc">https://uvadoc.uva.es/oai/request</request><GetRecord><record><header><identifier>oai:uvadoc.uva.es:10324/52084</identifier><datestamp>2025-01-31T09:54:23Z</datestamp><setSpec>com_10324_30605</setSpec><setSpec>com_10324_894</setSpec><setSpec>col_10324_41</setSpec></header><metadata><record xmlns="http://www.loc.gov/MARC21/slim" xmlns:doc="http://www.lyncode.com/xoai" xmlns:xsi="http://www.w3.org/2001/XMLSchema-instance" xmlns:dcterms="http://purl.org/dc/terms/" xsi:schemaLocation="http://www.loc.gov/MARC21/slim http://www.loc.gov/standards/marcxml/schema/MARC21slim.xsd">
<leader>00925njm 22002777a 4500</leader>
<datafield tag="042" ind1=" " ind2=" ">
<subfield code="a">dc</subfield>
</datafield>
<datafield tag="720" ind1=" " ind2=" ">
<subfield code="a">Martín García, Alberto</subfield>
<subfield code="e">author</subfield>
</datafield>
<datafield tag="260" ind1=" " ind2=" ">
<subfield code="c">2021</subfield>
</datafield>
<datafield tag="520" ind1=" " ind2=" ">
<subfield code="a">La presente tesis doctoral profundiza en la figura del community manager, un profesional de la comunicación ligado decisivamente a la aparición de las redes sociales como canales en los que las marcas y las instituciones se relacionan con sus públicos de manera virtual. Se repasa a través de referencias académicas previas su nacimiento y consolidación, definiendo en qué consiste la profesión, cuál es su ámbito de actuación y el papel que juega en el proceso de planificación y ejecución de contenidos en las plataformas digitales.&#xd;
Desde el punto de vista empírico, el objetivo principal es dar voz al community manager y conocer de primera mano, a través de la realización de 24 entrevistas en profundidad semiestructuradas, aspectos relacionados con su actividad, como son la formación previa necesaria, las funciones que abarca su posición, los problemas a los que se enfrenta día a día o la relación que se genera entre las marcas y los usuarios. Mediante la herramienta de análisis cualitativo ATLAS.ti, en su versión 8.4.3, hemos codificado y analizado el contenido aportado por los entrevistados y basado en su experiencia previa. De los resultados extraídos de este trabajo extraemos que: a) La continua evolución de las redes sociales y de sus formas de uso no permite consolidar al community manager como un profesional con unas competencias estables; éstas varían en función de diferentes variables. b) La formación académica para ejercer la profesión no está actualizada y los planes de estudios universitarios tienen graves carencias. c) Los usuarios, especialmente los adolescentes, deberían recibir una Educación Mediática profunda para evitar situaciones negativas derivadas del uso de estas plataformas.</subfield>
</datafield>
<datafield tag="024" ind2=" " ind1="8">
<subfield code="a">https://uvadoc.uva.es/handle/10324/52084</subfield>
</datafield>
<datafield tag="024" ind2=" " ind1="8">
<subfield code="a">10.35376/10324/52084</subfield>
</datafield>
<datafield ind1=" " ind2=" " tag="653">
<subfield code="a">Community manager</subfield>
</datafield>
<datafield ind1=" " ind2=" " tag="653">
<subfield code="a">Redes sociales</subfield>
</datafield>
<datafield ind1=" " ind2=" " tag="653">
<subfield code="a">Publicidad</subfield>
</datafield>
<datafield tag="245" ind1="0" ind2="0">
<subfield code="a">Análisis de la figura del community manager como voz de las marcas en las redes sociales</subfield>
</datafield>
</record></metadata></record></GetRecord></OAI-PMH>